Superman Actors Quiz - Statistics

General Stats
  • This quiz has been taken 199 times
    33 since last reset
  • The average score is 10 of 53
Answer Stats
Character Movie Actor % Correct
Superman / Clark Kent Superman I, II, III, IV Christopher Reeve
86%
Superman / Clark Kent Man of Steel, Batman v Superman Henry Cavill
86%
Superman / Clark Kent Smallville (TV) Tom Welling
57%
Superman / Clark Kent Superman (2025), Supergirl (2026) David Corenswet
50%
Lois Lane Man of Steel, Batman v Superman Amy Adams
36%
Lex Luthor Batman v Superman Jesse Eisenberg
36%
Superman / Clark Kent Superman Returns Brandon Routh
32%
Lana Lang Smallville (TV) Kristin Kreuk
32%
Superman / Clark Kent The New Adventures of Superman (TV) Dean Cain
29%
Lex Luthor Superman I, II, IV Gene Hackman
29%
Lois Lane Smallville (TV) Erica Durance
25%
Superman / Clark Kent Superman and the Mole Men (1951) George Reeves
25%
Lex Luthor Superman Returns Kevin Spacey
25%
Jor-El Superman I Marlon Brando
25%
Lex Luthor Superman (2025) Nicholas Hoult
25%
Jor-El Superman (2025) Bradley Cooper
21%
Perry White Superman I, II, III, IV Jackie Cooper
21%
Perry White Man of Steel, Batman v Superman Laurence Fishburne
21%
Supergirl Supergirl (TV) Melissa Benoist
21%
Lex Luthor Smallville (TV) Michael Rosenbaum
21%
Lois Lane Superman (2025) Rachel Brosnahan
21%
Jor-El Man of Steel Russell Crowe
21%
Lois Lane The New Adventures of Superman (TV) Teri Hatcher
21%
Superman / Clark Kent Superman and Lois, Supergirl (TV) Tyler Hoechlin
21%
Lana Lang Superman III Annette O'Toole
18%
Martha Kent Smallville (TV) Annette O'Toole
18%
Jonathan Kent Smallville (TV) John Schneider
18%
Jonathan Kent Man of Steel Kevin Costner
18%
Lois Lane Superman I, II, III, IV Margot Kidder
18%
Supergirl Supergirl (1984) Helen Slater
14%
Lionel Luthor Smallville (TV) John Glover
14%
General Zod Man of Steel / The Flash Michael Shannon
14%
Supergirl Supergirl (2026) Milly Alcock
14%
Martha Kent Man of Steel, Batman v Superman Diane Lane
11%
Supergirl The Flash Sasha Calle
11%
General Zod Superman I, II Terence Stamp
11%
Lois Lane Superman and Lois (TV) Elizabeth Tulloch
7%
Lois Lane Superman Returns Kate Bosworth
7%
Superman / Clark Kent Superman (1948) Kirk Alyn
7%
Supergirl Smallville (TV) Laura Vandervoort
7%
Lex Luthor Supergirl (TV) Jon Cryer
4%
Jimmy Olsen Superman II, III, IV, Supergirl Marc McClure
4%
Jimmy Olsen Supergirl (TV) Mehcad Brooks
4%
Lillian Luthor Supergirl (TV) Brenda Strong
0%
Non Supergirl (TV) Chris Vance
0%
Lana Lang Superman and Lois (TV) Emmanuelle Chriqui
0%
Martha Kent Superman Returns Eva Marie Saint
0%
Perry White Superman Returns Frank Langella
0%
Jonathan Kent Superman I Glenn Ford
0%
Non Superman I, II Jack O'Halloran
0%
Lena Luthor Supergirl (TV) Katie McGrath
0%
Jimmy Olsen Superman Returns Sam Huntington
0%
Ursa Superman I, II Sarah Douglas
0%
No matching quizzes found
Score Distribution
Percent of People with Each Score
Percentile by Number Answered
Your Score History
You have not taken this quiz since the last reset